| 000 | 01347nam a2200313 a 4500 | ||
|---|---|---|---|
| 001 | 66826 | ||
| 003 | BD-RjUL | ||
| 005 | 20211209081600.0 | ||
| 008 | 170320r19901986ne a b 100 0 eng | ||
| 020 | _a9024733782 | ||
| 035 | _a(BD-RjUL)66957 | ||
| 040 |
_aDLC _cDLC _dBD-RjUL _beng |
||
| 041 | _aeng | ||
| 082 | 0 | 0 |
_a635 _223 _bTIS 1990 |
| 111 | 2 |
_aConference on Tissue Culture as a Plant Production System for Horticultural Crops _d(1985 : _cBeltsville, Md.) _9197888 |
|
| 245 | 0 | 0 |
_aTissue culture as a plant production system for horticultural crops / _cRichard H. Zimmerman ... [et al.]. |
| 260 |
_aBoston : _bM. Nijhoff , _c1986 [ Reprinted 1990 ]. |
||
| 300 |
_ax, 371 p. : _bill. ; _c25 cm. |
||
| 500 | _aConference on Tissue Culture as a Plant Production System for Horticultural Crops, Beltsville, MD, October 20-23, 1985 | ||
| 504 | _aIncludes bibliographies. | ||
| 650 | 0 |
_aHorticultural crops _vCongresses. _9197859 |
|
| 650 | 0 |
_aHorticultural crops _xBiotechnology _vCongresses. _9197860 |
|
| 650 | 0 |
_aPlant tissue culture _vCongresses. _9112884 |
|
| 700 | 1 |
_aZimmerman, Richard H. _q(Richard Hale), _d1934- _9197861 |
|
| 830 |
_aCurrent plant science and biotechnology in agriculture _9197890 |
||
| 942 |
_2ddc _cBK |
||
| 999 |
_c66826 _d66826 |
||